000
00296nam a22001097a 4500
082
_a
629.8323 DAV'O
100
_a
DAVIS, SIDNEY A
_9
56524
245
_a
OUTLINE OF SERVOMECHANISMS INCLUDING PROBLEMS WITH STEP BY STEP SOLUTIONS
260
_a
NEWYORK
_b
REGENTS
_c
1966
300
_a
316P
942
_c
BK
999
_c
566912
_d
566912